=LDR 00000nam 2200000 4500 =001 INLIS000000000000789 =005 20200907030435 =035 ##$$a 0010-061300000000789 =008 200907################g##########0#ind## =041 ##$$a Ind =082 ##$$a 301.315 98 =090 ##$$a 301.315 98, Gee-i =100 1#$$a Geertz, Clifford =245 1#$$a Involusi pertanian : $b Proses perubahan ekologi di Indonesia /$c Clifford Geertz ; Penerjemah S. Supomo =260 ##$$a Jakarta :$b Bhratara Karya Aksara,$c 1983 =300 ##$$a xxxiv, 177 hlm. : $b Ilus ; $c 15x21 cm. =650 #4$$a Ekologi Indonesia =700 1#$$a Supomo, S =850 ##$$a NBPNMAT =084 ##$$a 301.315 98 GEE i =504 ##$$a Bibliografi : hlm. 164 - 172 =520 ##$$a Indeks : hlm. 173 - 176 =990 ##$$a 175.pro.83 =990 ##$$a 34.857 pb.90 =990 ##$$a 176 pro.83 =990 ##$$a 168 9ro.81